BRAVE PARAM VIR CHAKRA STORIES (Record no. 23815)
[ view plain ]
| 000 -LEADER | |
|---|---|
| fixed length control field | 00346nam a2200133Ia 4500 |
| 008 - FIXED-LENGTH DATA ELEMENTS--GENERAL INFORMATION | |
| fixed length control field | 240624s9999 xx 000 0 und d |
| 041 ## - LANGUAGE CODE | |
| Language code of text/sound track or separate title | eng |
| 082 ## - DEWEY DECIMAL CLASSIFICATION NUMBER | |
| Classification number | 828 RAW |
| 100 ## - MAIN ENTRY--PERSONAL NAME | |
| Personal name | RAWAT RACHNA BISHT |
| 245 ## - TITLE STATEMENT | |
| Title | BRAVE PARAM VIR CHAKRA STORIES |
| 260 ## - PUBLICATION, DISTRIBUTION, ETC. | |
| Date of publication, distribution, etc. | 2014 |
| Place of publication, distribution, etc. | New Delhi |
| Name of publisher, distributor, etc. | Penguin India |
| 300 ## - PHYSICAL DESCRIPTION | |
| Extent | xi, : 283 : p. : cm. ; 19 |
| 365 ## - TRADE PRICE | |
| Currency code | RS |
| Price amount | 25 |
| Withdrawn status | Lost status | Damaged status | Not for loan | Home library | Current library | Shelving location | Date acquired | Source of acquisition | Cost, normal purchase price | Total Checkouts | Total Renewals | Full call number | Barcode | Date last seen | Date last checked out | Copy number | Price effective from | Koha item type |
|---|---|---|---|---|---|---|---|---|---|---|---|---|---|---|---|---|---|---|
| IMTN | IMTN | Rack 43-A | 11/13/2014 | WBD | 250.00 | 1 | 1 | 828 RAW | 23815 | 08/22/2024 | 08/03/2024 | 1 | 06/24/2024 | Books |